ბათუმის შოთა რუსთაველის სახელმწიფო უნივერსიტეტის ბიბლიოთეკა

ვეფხისტყაოსანი / (ბიბ.ჩანაწერი № 40461)

000 -ლიდერი
ფიქსირებული სიგრძის საკონტროლო ველი 01448nam a2200265Ia 4500
001 - საკონტროლო ნომერი
საკონტროლო ველი 7071
003 - საკონტროლო ნომრის იდენტიფიკატორი
საკონტროლო ველი GE_BSU
005 - ბოლო ოპერაციის თარიღი და დრო
საკონტროლო ველი 20221026145109.0
008 - ფიქსირებული სიგრძის მონაცემთა ელემენტები - ზოგადი ინფორმაცია
ფიქსირებული სიგრძის საკონტროლო ველი 181216s2009||||ge |||||||||||||| ||geo||
020 ## - წიგნის საერთაშორისო სტანდარტული ნომერი
International Standard Book Number 9789941020568
040 ## - კატალოგიზაციის წყარო
Transcribing agency GE_BSU
041 ## - ენის კოდი
Language code of text/sound track or separate title geo
080 ## - უნივერსალური ათობითი კლასიფიკაციის ინდექსი
Universal Decimal Classification number 821.353.1-13 რ-93
100 ## - მთავარი ჩანაწერი - პიროვნების სახელი
Personal name რუსთაველი, შოთა
9 (RLIN) 15561
245 ## - ცნობა სათაურის შესახებ
Title ვეფხისტყაოსანი /
Remainder of title ტექსტი გამოსაც.მოამზადა საქ.მეცნ.ეროვნ.აკად."ვეფხისტყაოსნის"აკად.ტექსტის დამდგენმა კომისიამ:
Statement of responsibility, etc შოთა რუსთაველი; თამაზ გამყრელიძე,გიორგი არაბული, ბაჩანა ბრეგაძე, და სხვ.მთ.რედ. ლევან ღვინჯილია.
264 ## - წარმოების, გამოცემის, დისტრიბუციის და სხვა ცნობები
გამოცემის, წარმოების, დისტრიბუციის... ადგილი თბილისი:
გამოცემის, წარმოების, დისტრიბუციის... სახელწოდება სეზანი,
გამოცემის, წარმოების, დისტრიბუციის... თარიღი 2009.
300 ## - ფიზიკური აღწერა
Extent 303 გვ.;
Other physical details 27 სმ.
653 ## - INDEX TERM--UNCONTROLLED
Uncontrolled term ვეფხისტყაოსანი
653 ## - INDEX TERM--UNCONTROLLED
Uncontrolled term პოემა
700 ## - ADDED ENTRY--PERSONAL NAME
Personal name გამყრელიძე, თამაზ
Relator term რედაქტორი
9 (RLIN) 7541
700 ## - ADDED ENTRY--PERSONAL NAME
Personal name არაბული, გიორგი
Relator term რედაქტორი
9 (RLIN) 15562
700 ## - ADDED ENTRY--PERSONAL NAME
Personal name ღვინჯილია, ლევან
Relator term რედაქტორი
9 (RLIN) 310
942 ## - ADDED ENTRY ELEMENTS (KOHA)
Koha item type წიგნი
Source of classification or shelving scheme
ეგზემპლარები
ჩამოწერის სტატუსი დაკარგული ეგზემპლარის სტატუსი კლასიფიკაციის წყარო ან თაროზე გაწყობის სქემა დაზიანების სტატუსი არ გაიცემა მუდმივი მდებარეობა (დაცვის ადგილი) ამჟამინდელი ადგილსამყოფელი თაროზე განთავსების ადგილი შეძენის თარიღი ღირებულება, შესყიდვის ნორმალური ფასი სრული შენახვის შიფრი შტრიხკოდი ბოლო ოპერაციის თარიღი ეგზემპლარის მიმდევრობითი ნომერი (კეტერი?) ფასის ძალაში შესვლის თარიღი ეგზემპლარის სახეობა საჯარო შენიშვნა
          ბათუმის შოთა რუსთაველის სახელმწიფო უნივერსიტეტის მთავარი ბიბლიოთეკა ბათუმის შოთა რუსთაველის სახელმწიფო უნივერსიტეტის მთავარი ბიბლიოთეკა წიგნსაცავი 2018-12-17 85.00 821.353.1-13 რ-93 22961 2018-12-17 22961 2018-12-17 წიგნი 85 ლ.
          ბათუმის შოთა რუსთაველის სახელმწიფო უნივერსიტეტის მთავარი ბიბლიოთეკა ბათუმის შოთა რუსთაველის სახელმწიფო უნივერსიტეტის მთავარი ბიბლიოთეკა წიგნსაცავი 2018-12-17 85.00 821.353.1-13 რ-93 40874 2018-12-17 40874 2018-12-17 წიგნი 85 ლ.